Complete the Movie Title (1957) - Statistics

General Stats
  • This quiz has been taken 85 times
  • The average score is 15 of 25
Answer Stats
Hint Answer % Correct
12 Angry _____ Men
86%
The _____ on the River Kwai Bridge
83%
_____ for the Prosecution Witness
78%
The Three _____ of Eve Faces
76%
_____ Rock Jailhouse
76%
I Was a Teenage _____ Werewolf
74%
The Incredible Shrinking _____ Man
72%
Funny _____ Face
71%
The Pride and the _____ Passion
67%
Peyton _____ Place
67%
_____ of Glory Paths
66%
The Seventh _____ Seal
62%
The Prince and the _____ Showgirl
62%
_____ at the O.K. Corral Gunfight
55%
_____ 9 from Outer Space Plan
53%
_____ at Medicine Bend Shoot-Out
53%
_____ Joey Pal
50%
Tammy and the _____ Bachelor
45%
The _____ Game Pajama
45%
Will Success Spoil _____ Hunter? Rock
45%
_____ of Blood Throne
41%
The _____ That Challenged the World Monster
34%
_____ of Cabiria Nights
33%
Invasion of the _____ Men Saucer
31%
A _____ in New York King
29%
No matching quizzes found
Score Distribution
Percent of People with Each Score
Percentile by Number Answered
Your Score History
You have not taken this quiz